00531 a2200109 4500082001100000100002400011245011700035260008100152300003600233500009600269856005600365 aMSIT-8 aSyed Mishal Murtaza aAutomated generation of application models through access traffic analysis [Project MSIT-8]cSyed Mishal Murtaza aIslamabadbNUST School of Electrical Engineering and Computer Sciencec2011. ax, 66p.b:ill.c;27cm.+eCD-ROM aSupervisors: Dr. Hafiz Farooq Ahmad, Dr. Khalid Latif, Mr. Qasim Rajpoot, Ms. Sana Khalique uhttp://10.250.8.41:8080/xmlui/handle/123456789/9972